000 00672nam a2200289Ia 4500
005 20260324135523.0
008 008 260324s9999 xx 000 0 eng d
020 _a9780429497810
037 _aEBOOK
040 _aCRL
040 _beng
040 _cCRL
041 _2eng
041 _aeng
084 _qCRL
100 _aCyril Black
_91200923
245 0 _aRebirth
245 2 _bA Political History Of Europe Since World War II
260 _bTaylor and Francis
260 _c2000
365 _a
365 _b230
856 _uhttp://www.taylorfrancis.com/books/9780429497810
942 _cEBOOK
999 _c1802053
_d1802053